000 00449nam a2200133 4500
008 180214b xxu||||| |||| 00| 0 eng d
100 _926477
_aValencia, Czeriza.
245 _aAgri, real estate to suffer from land conversion ban/
_cCzeriza Valencia and Iris Gonzales.
260 _aPhilippines:
_bThe Philippine Star,
_cc2016.
300 _apage C-1.
650 0 _926478
_aAgriculture.
700 _926479
_aGonzales, Iris.
_eAuthor.
942 _2ddc
_cPER
999 _c8633
_d8633